|
|
|
|
| LEADER |
00000nam a22000007a 4500 |
| 008 |
210125b ||||| |||| 00| 0 eng d |
| 020 |
|
|
|a 978-1-4462-7071-4
|
| 100 |
|
|
|a O’REILLY, Michelle.
|
| 245 |
|
|
|a Doing mental health research with children and adolescents:
|b a guide to qualitative methods
|c Michelle O’Reilly and Nicola Parker
|g xv, 279p.: ill.
|
| 260 |
|
|
|b Sage
|c 2014
|h Los Angeles:
|i 692106
|i 692107
|l RJ500.5 .O3
|m Child mental health – Research – Methodology.
|m Teenagers – Mental health – Research – Methodology.
|m Child psychology – Research – Methodology
|m Adolescent psychology – Research – Methodology.
|
| 500 |
|
|
|a “It includes references and index”
|
| 942 |
|
|
|a lcc
|c BK
|e Adeniran, F. A
|f 25/01/2021
|
| 952 |
|
|
|0 0
|1 0
|2 lcc
|4 0
|6 RJ05005 O3
|7 0
|9 1665
|a HOL
|b ML
|c QZ
|d 2021-01-25
|l 0
|o RJ500.5 .O3
|p 2021-0451
|r 2021-01-25 00:00:00
|w 2021-01-25
|y BK
|
| 952 |
|
|
|0 0
|1 0
|2 lcc
|4 0
|6 RJ05005 O3
|7 0
|9 1666
|a HOL
|b HOL
|c QZ
|d 2021-01-25
|l 0
|o RJ500.5 .O3
|p 2021-0452
|r 2021-01-25 00:00:00
|w 2021-01-25
|y BK
|
| 999 |
|
|
|c 885
|d 885
|